| 000 | 00908nam a2200241 a 4500 | ||
|---|---|---|---|
| 001 | 39747 | ||
| 003 | BD-RjUL | ||
| 005 | 20211209053042.0 | ||
| 008 | 160417s2004 bg ||||| |||| 00| 0 ben d | ||
| 020 |
_a9844770475 _c: Tk.150.00 |
||
| 035 | _a(BD-RjUL)39860 | ||
| 040 |
_aBD-RjUL _bben _cBD-RjUL |
||
| 041 | _aben | ||
| 082 |
_223 _a351.5492 _bUDL 2004 |
||
| 100 |
_aউদ্দীন, মোঃ আনসার _9122421 |
||
| 245 |
_aলোকপ্রশাসন : _bতত্ব ও প্রয়োগ / _cমোঃ আনসার উদ্দীন |
||
| 260 |
_aঢাকা : _bঅধুনা প্রকাশন, _c২০০৪ |
||
| 300 |
_a৩১৮ পৃ. ; _c২১ সে.মি. |
||
| 500 | _aতথ্য নির্দেশ | ||
| 650 |
_aলোকপ্রশাসন _9122422 _zবাংলাদেশ |
||
| 650 |
_aPublic Administration _9117250 _zBangladesh |
||
| 942 |
_2ddc _cBK |
||
| 999 |
_c39747 _d39747 |
||